| 000 | 00512nam a22001577a 4500 | ||
|---|---|---|---|
| 999 |
_c533432 _d533432 |
||
| 020 | _qHard Cover. | ||
| 082 | _a628.142 | ||
| 100 | _aMuhammad Faisal Arif | ||
| 245 |
_a1D/2D Flood Modelling of River Indus: _bGuddu-Sukkur Reach / _cMuhammad Faisal Arif. |
||
| 260 |
_aIslamabad: _bSCEE - NUST, _c2017. |
||
| 300 |
_a60 p. : _bill. ; _c30cm. |
||
| 942 |
_2ddc _cTHE |
||
| 650 |
_aWater Resource MS-Engineering _927310 |
||
| 700 |
_aDr. Sajjad Haider _916307 |
||